[Event "DSJ Weihnachtsturnier U20 2020"]
[Site "https://play.chessbase.com/en/play?room=DSJWeihnachtU20"]
[Date "2020.12.29"]
[Round "6"]
[White "Roseneck, Jonas"]
[Black "Mohammadi Nia, Borna"]
[Result "0-1"]
[Termination "normal"]
[Board "3.1"]
[WhiteTitle "FM"]
[WhiteElo "2401"]
[BlackElo "2079"]
[WhiteTeam "SG Aufbau Elbe Magdeburg"]
[BlackTeam "Schachgemeinschaft Porz 2"]
[PlyCount "50"]
[WhiteFideId "12939870"]
[BlackFideId "16207319"]
[EventRounds "7"]
[EventType "team-swiss"]
[EventDate "2020.12.29"]

1. e4 {[%emt 0:00:02]} e6 {[%emt 0:00:34]} 2. d4 {[%emt 0:00:02]} d5 {[%emt
0:00:02]} 3. Nd2 {[%emt 0:00:01]} Be7 {[%emt 0:00:02]} 4. Ngf3 {[%emt 0:00:15]}
Nf6 {[%emt 0:00:05]} 5. e5 {[%emt 0:00:01]} Nfd7 {[%emt 0:00:03]} 6. Bd3 {
[%emt 0:00:00]} c5 {[%emt 0:00:02]} 7. c3 {[%emt 0:00:01]} Nc6 {[%emt 0:00:01]}
8. O-O {[%emt 0:00:04]} g5 {[%emt 0:00:01]} 9. dxc5 {[%emt 0:00:03]} g4 { [%emt
0:00:02]} 10. Nd4 {[%emt 0:00:03]} Ndxe5 {[%emt 0:00:01]} 11. Bb5 { [%emt
0:00:11]} Bd7 {[%emt 0:00:02]} 12. N2b3 {[%emt 0:00:07]} h5 {[%emt 0:00:08]}
13. Re1 {[%emt 0:00:03]} Nxd4 {[%emt 0:00:12]} 14. Nxd4 {[%emt 0:00:00]} Bxb5
{[%emt 0:00:14]} 15. Nxb5 {[%emt 0:00:00]} Ng6 {[%emt 0:00:01]} 16. b4 { [%emt
0:00:01]} Qd7 {[%emt 0:00:10]} 17. Qd3 {[%emt 0:00:05]} O-O {[%emt 0:00:31]}
18. c4 {[%emt 0:00:41]} Rfd8 {[%emt 0:00:15]} 19. cxd5 {[%emt 0:00:07]} a6
{[%emt 0:00:02]} 20. Nd6 {[%emt 0:00:46]} Bxd6 {[%emt 0:00:03]} 21. cxd6 {
[%emt 0:00:46]} Qxd6 {[%emt 0:00:03]} 22. Rxe6 {[%emt 0:00:10]} Qxe6 {[%emt
0:00:07]} 23. dxe6 {[%emt 0:00:17]} Rxd3 {[%emt 0:00:03]} 24. exf7+ {[%emt
0:00:02]} Kxf7 {[%emt 0:00:02]} 25. Bb2 {[%emt 0:00:00]} Rad8 {[%emt 0:00:04]
Elbe-MD001 gibt auf} 0-1

[Event "DSJ Weihnachtsturnier U20 2020"]
[Site "https://play.chessbase.com/en/play?room=DSJWeihnachtU20"]
[Date "2020.12.29"]
[Round "6"]
[White "Ramien, David"]
[Black "Sieber, Fiona"]
[Result "1-0"]
[Termination "normal"]
[Board "3.2"]
[BlackTitle "WIM"]
[WhiteElo "2181"]
[BlackElo "2275"]
[WhiteTeam "Schachgemeinschaft Porz 2"]
[BlackTeam "SG Aufbau Elbe Magdeburg"]
[PlyCount "65"]
[WhiteFideId "12948241"]
[BlackFideId "12902373"]
[EventRounds "7"]
[EventType "team-swiss"]
[EventDate "2020.12.29"]

1. e4 {[%emt 0:00:29]} e5 {[%emt 0:00:04]} 2. Nf3 {[%emt 0:00:02]} Nc6 { [%emt
0:00:03]} 3. Bb5 {[%emt 0:00:02]} Nf6 {[%emt 0:00:02]} 4. d3 {[%emt 0:00:03]}
Bc5 {[%emt 0:00:19]} 5. c3 {[%emt 0:00:03]} a6 {[%emt 0:00:13]} 6. Ba4 { [%emt
0:00:02]} d6 {[%emt 0:00:08]} 7. Nbd2 {[%emt 0:00:04]} O-O {[%emt 0:00:02]} 8.
O-O {[%emt 0:00:02]} Ba7 {[%emt 0:00:11]} 9. h3 {[%emt 0:00:03]} h6 { [%emt
0:00:04]} 10. Re1 {[%emt 0:00:02]} Be6 {[%emt 0:00:03]} 11. Nf1 {[%emt
0:00:03]} Nd7 {[%emt 0:00:05]} 12. d4 {[%emt 0:00:25]} exd4 {[%emt 0:00:35]}
13. cxd4 {[%emt 0:00:02]} d5 {[%emt 0:00:01]} 14. e5 {[%emt 0:00:03]} Ne7
{[%emt 0:00:06]} 15. Ng3 {[%emt 0:00:13]} c5 {[%emt 0:00:04]} 16. Bc2 {[%emt
0:00:11]} Rc8 {[%emt 0:00:09]} 17. Be3 {[%emt 0:00:03]} cxd4 {[%emt 0:00:51]}
18. Nxd4 { [%emt 0:00:03]} Bc5 {[%emt 0:00:16]} 19. Qd3 {[%emt 0:00:13]} g6
{[%emt 0:00:14]} 20. Nxe6 {[%emt 0:00:10]} fxe6 {[%emt 0:00:04]} 21. Nh5 {[%emt
0:00:30]} Nxe5 {[%emt 0:00:24]} 22. Qe2 {[%emt 0:00:25]} Bxe3 {[%emt 0:00:20]}
23. Qxe3 { [%emt 0:00:07]} Rxc2 {[%emt 0:00:14]} 24. Qxh6 {[%emt 0:00:06]} gxh5
{[%emt 0:00:05]} 25. Rxe5 {[%emt 0:00:03]} Qb6 {[%emt 0:03:27]} 26. Rg5+ {[%emt
0:00:54] } Kf7 {[%emt 0:00:02]} 27. Qxh5+ {[%emt 0:00:09]} Kf6 {[%emt 0:00:01]}
28. Qh6+ {[%emt 0:00:26]} Kf7 {[%emt 0:00:02]} 29. Qh7+ {[%emt 0:00:45]} Ke8
{[%emt 0:00:01]} 30. Qxc2 {[%emt 0:00:02]} d4 {[%emt 0:00:09]} 31. Rd1 {[%emt
0:00:05]} Qd6 {[%emt 0:00:12]} 32. Qe4 {[%emt 0:00:25]} e5 {[%emt 0:00:23]} 33.
Rxe5 { [%emt 0:00:10] Elbe-MD002 gibt auf} 1-0

[Event "DSJ Weihnachtsturnier U20 2020"]
[Site "https://play.chessbase.com/en/play?room=DSJWeihnachtU20"]
[Date "2020.12.29"]
[Round "6"]
[White "Biastoch, Bennet"]
[Black "Gallasch, Robin"]
[Result "1-0"]
[Termination "normal"]
[Board "3.3"]
[WhiteTitle "FM"]
[WhiteElo "2266"]
[BlackElo "2067"]
[WhiteTeam "SG Aufbau Elbe Magdeburg"]
[BlackTeam "Schachgemeinschaft Porz 2"]
[PlyCount "137"]
[WhiteFideId "12939889"]
[BlackFideId "16222423"]
[EventRounds "7"]
[EventType "team-swiss"]
[EventDate "2020.12.29"]

1. e4 {[%emt 0:00:04] Porz2-003 kibitzing!? Porz2-003 reconnected.} c6 { [%emt
0:00:12]} 2. d4 {[%emt 0:00:08]} d5 {[%emt 0:00:00]} 3. Nd2 {[%emt 0:00:01]}
dxe4 {[%emt 0:00:02]} 4. Nxe4 {[%emt 0:00:00]} Bf5 {[%emt 0:00:01]} 5. Ng3
{[%emt 0:00:01]} Bg6 {[%emt 0:00:00]} 6. h4 {[%emt 0:00:02]} h6 {[%emt 0:00:01]
} 7. Nf3 {[%emt 0:00:01]} Nd7 {[%emt 0:00:01]} 8. h5 {[%emt 0:00:01]} Bh7 {
[%emt 0:00:01]} 9. Bd3 {[%emt 0:00:00]} Bxd3 {[%emt 0:00:00]} 10. Qxd3 { [%emt
0:00:00]} e6 {[%emt 0:00:01]} 11. Bd2 {[%emt 0:00:00]} Ngf6 {[%emt 0:00:01]}
12. O-O-O {[%emt 0:00:01]} Be7 {[%emt 0:00:01]} 13. Ne4 {[%emt 0:00:02]} Nxe4
{[%emt 0:00:02]} 14. Qxe4 {[%emt 0:00:00]} Nf6 {[%emt 0:00:01]} 15. Qe2 { [%emt
0:00:01]} Qd5 {[%emt 0:00:01]} 16. Kb1 {[%emt 0:00:01]} O-O {[%emt 0:00:04]}
17. Rdg1 {[%emt 0:00:21]} Qe4 {[%emt 0:01:18]} 18. Be3 {[%emt 0:00:03]} Ng4
{[%emt 0:00:20]} 19. Nd2 {[%emt 0:00:22]} Qf5 {[%emt 0:00:17]} 20. Rh3 { [%emt
0:00:41]} Nxe3 {[%emt 0:00:17]} 21. fxe3 {[%emt 0:00:08]} c5 {[%emt 0:01:32]}
22. e4 {[%emt 0:01:28]} Qg5 {[%emt 0:00:31]} 23. g4 {[%emt 0:01:18]} cxd4
{[%emt 0:00:18]} 24. Rd3 {[%emt 0:00:29]} Rac8 {[%emt 0:00:06]} 25. Nf3 { [%emt
0:00:05]} Qb5 {[%emt 0:01:10]} 26. Nxd4 {[%emt 0:00:47]} Qb6 {[%emt 0:00:04]}
27. Rgd1 {[%emt 0:00:15]} Rfd8 {[%emt 0:00:14]} 28. e5 {[%emt 0:00:52]} Rd5
{[%emt 0:00:18]} 29. Nf3 {[%emt 0:00:08]} Rcd8 {[%emt 0:01:17]} 30. Rxd5 {
[%emt 0:00:05]} Rxd5 {[%emt 0:00:00]} 31. Rxd5 {[%emt 0:00:02]} exd5 {[%emt
0:00:00]} 32. c3 {[%emt 0:00:02]} Bg5 {[%emt 0:00:41]} 33. Nd4 {[%emt 0:00:16]}
Qc5 {[%emt 0:00:24]} 34. e6 {[%emt 0:00:09]} Qe7 {[%emt 0:00:16] Porz2-003
offers a draw} 35. Qe5 {[%emt 0:01:16]} fxe6 {[%emt 0:00:26]} 36. Nxe6 { [%emt
0:00:02]} Qf6 {[%emt 0:00:16]} 37. Qxd5 {[%emt 0:00:09]} Qf1+ {[%emt 0:00:03]}
38. Kc2 {[%emt 0:00:01]} Qf2+ {[%emt 0:00:08]} 39. Kb3 {[%emt 0:00:27]} Qb6+
{[%emt 0:00:02]} 40. Kc4 {[%emt 0:00:13]} Qa6+ {[%emt 0:00:10]} 41. Kd4 { [%emt
0:00:06]} Qb6+ {[%emt 0:00:05]} 42. Ke4 {[%emt 0:00:32]} Qe3+ {[%emt 0:00:06]}
43. Kf5 {[%emt 0:00:01]} Qf2+ {[%emt 0:00:04]} 44. Nf4+ {[%emt 0:00:02] } Kh7
{[%emt 0:00:10]} 45. Qd6 {[%emt 0:00:20]} Qc2+ {[%emt 0:00:07]} 46. Qd3 { [%emt
0:00:07]} Qxd3+ {[%emt 0:00:14]} 47. Nxd3 {[%emt 0:00:00]} Kg8 {[%emt 0:00:05]}
48. Ke6 {[%emt 0:00:01]} Kf8 {[%emt 0:00:01]} 49. Ne5 {[%emt 0:00:02]} Ke8
{[%emt 0:00:02]} 50. b3 {[%emt 0:00:02]} a6 {[%emt 0:00:01]} 51. c4 { [%emt
0:00:01]} Bd8 {[%emt 0:00:01]} 52. Nd7 {[%emt 0:00:03]} Bg5 {[%emt 0:00:02]}
53. Nc5 {[%emt 0:00:01]} b5 {[%emt 0:00:01]} 54. Nxa6 {[%emt 0:00:01]} bxc4
{[%emt 0:00:01]} 55. bxc4 {[%emt 0:00:00]} Be3 {[%emt 0:00:01]} 56. Nc7+ {
[%emt 0:00:01]} Kd8 {[%emt 0:00:00]} 57. Nd5 {[%emt 0:00:00]} Bc5 {[%emt
0:00:01]} 58. Kf7 {[%emt 0:00:03]} Bd4 {[%emt 0:00:01]} 59. Nf4 {[%emt
0:00:01]} Bf6 {[%emt 0:00:01]} 60. Ne6+ {[%emt 0:00:01]} Kd7 {[%emt 0:00:01]}
61. Nxg7 { [%emt 0:00:00]} Bg5 {[%emt 0:00:01]} 62. Nf5 {[%emt 0:00:01]} Kc6
{[%emt 0:00:01]} 63. Kg6 {[%emt 0:00:01]} Kc5 {[%emt 0:00:00]} 64. Nxh6 {[%emt
0:00:01]} Bf4 {[%emt 0:00:01]} 65. Nf5 {[%emt 0:00:02]} Kxc4 {[%emt 0:00:01]}
66. g5 { [%emt 0:00:01]} Kd5 {[%emt 0:00:00]} 67. h6 {[%emt 0:00:02]} Ke5
{[%emt 0:00:00]} 68. h7 {[%emt 0:00:01]} Ke6 {[%emt 0:00:00]} 69. h8=Q {[%emt
0:00:01]} 1-0

[Event "DSJ Weihnachtsturnier U20 2020"]
[Site "https://play.chessbase.com/en/play?room=DSJWeihnachtU20"]
[Date "2020.12.29"]
[Round "6"]
[White "Perkampus, Laurin"]
[Black "Hoffmann, Lennard"]
[Result "0-1"]
[Termination "time forfeit"]
[Board "3.4"]
[WhiteElo "1920"]
[BlackElo "2022"]
[WhiteTeam "Schachgemeinschaft Porz 2"]
[BlackTeam "SG Aufbau Elbe Magdeburg"]
[PlyCount "114"]
[WhiteFideId "16232283"]
[BlackFideId "12943495"]
[EventRounds "7"]
[EventType "team-swiss"]
[EventDate "2020.12.29"]

1. d4 {[%emt 0:00:09]} Nf6 {[%emt 0:00:02]} 2. c4 {[%emt 0:00:03]} c5 {[%emt
0:00:03]} 3. d5 {[%emt 0:00:02]} b5 {[%emt 0:00:02]} 4. cxb5 {[%emt 0:00:01]}
a6 {[%emt 0:00:02]} 5. bxa6 {[%emt 0:00:00]} Bxa6 {[%emt 0:00:02]} 6. Nc3 {
[%emt 0:00:01]} g6 {[%emt 0:00:03]} 7. e4 {[%emt 0:00:20]} Bxf1 {[%emt 0:00:00]
} 8. Kxf1 {[%emt 0:00:01]} d6 {[%emt 0:00:01]} 9. Nf3 {[%emt 0:00:14]} Bg7 {
[%emt 0:00:03]} 10. h3 {[%emt 0:00:01]} O-O {[%emt 0:00:02]} 11. Kg1 {[%emt
0:00:01]} Nbd7 {[%emt 0:00:05]} 12. Kh2 {[%emt 0:00:01]} Nb6 {[%emt 0:00:01]}
13. Re1 {[%emt 0:00:06]} Nfd7 {[%emt 0:00:02]} 14. Re2 {[%emt 0:00:08]} Ra6 {
[%emt 0:00:05]} 15. Rc2 {[%emt 0:00:23]} Qa8 {[%emt 0:00:04]} 16. Bg5 {[%emt
0:00:11]} Re8 {[%emt 0:00:26]} 17. Qe2 {[%emt 0:01:49]} e6 {[%emt 0:00:13]} 18.
Nb5 {[%emt 0:00:56]} Qb8 {[%emt 0:00:20]} 19. Bf4 {[%emt 0:01:27]} Nc8 { [%emt
0:00:26]} 20. dxe6 {[%emt 0:00:41]} fxe6 {[%emt 0:00:05]} 21. Rd1 { [%emt
0:00:33]} Rb6 {[%emt 0:00:32]} 22. a4 {[%emt 0:00:11]} Nf6 {[%emt 0:00:54]} 23.
Rcd2 {[%emt 0:00:23]} Bf8 {[%emt 0:00:54]} 24. Kg1 {[%emt 0:01:08]} e5 {[%emt
0:00:32]} 25. Qc4+ {[%emt 0:00:04]} Kg7 {[%emt 0:00:05]} 26. Ng5 { [%emt
0:00:16]} Qb7 {[%emt 0:00:11]} 27. Be3 {[%emt 0:00:23]} Qe7 {[%emt 0:00:49]}
28. a5 {[%emt 0:00:37]} Rxb5 {[%emt 0:00:28]} 29. Qxb5 {[%emt 0:00:03]} h6
{[%emt 0:00:01]} 30. Nf3 {[%emt 0:00:19]} Nxe4 {[%emt 0:00:01]} 31. Rd5 { [%emt
0:00:03]} Nf6 {[%emt 0:00:21]} 32. a6 {[%emt 0:00:07]} Nxd5 {[%emt 0:00:04]}
33. Rxd5 {[%emt 0:00:02]} Na7 {[%emt 0:00:03]} 34. Qc4 {[%emt 0:00:13]} Rb8
{[%emt 0:00:09]} 35. Qc1 {[%emt 0:00:07]} Qf7 {[%emt 0:00:14]} 36. Nd2 { [%emt
0:00:01]} Qxd5 {[%emt 0:00:02]} 37. Nc4 {[%emt 0:00:03]} Kh7 {[%emt 0:00:04]}
38. Qc2 {[%emt 0:00:03]} e4 {[%emt 0:00:12]} 39. Nd2 {[%emt 0:00:01]} Qd3
{[%emt 0:00:04]} 40. Qc1 {[%emt 0:00:01]} d5 {[%emt 0:00:19]} 41. Bxc5 { [%emt
0:00:02]} Rc8 {[%emt 0:00:02]} 42. b4 {[%emt 0:00:03]} Bxc5 {[%emt 0:00:05]}
43. bxc5 {[%emt 0:00:00]} Qxa6 {[%emt 0:00:00]} 44. Qb2 {[%emt 0:00:05]} Qb5
{[%emt 0:00:05]} 45. Qf6 {[%emt 0:00:02]} Rc7 {[%emt 0:00:15]} 46. Qe6 { [%emt
0:00:05]} Qxc5 {[%emt 0:00:04]} 47. Nf1 {[%emt 0:00:01]} Re7 {[%emt 0:00:07]}
48. Qf6 {[%emt 0:00:01]} d4 {[%emt 0:00:03]} 49. Ng3 {[%emt 0:00:01]} e3 {
[%emt 0:00:05]} 50. f3 {[%emt 0:00:03]} d3 {[%emt 0:00:04]} 51. Ne4 {[%emt
0:00:02]} Qc1+ {[%emt 0:00:11]} 52. Kh2 {[%emt 0:00:01]} Qc7+ {[%emt 0:00:01]}
53. g3 {[%emt 0:00:04]} e2 {[%emt 0:00:08]} 54. Qf8 {[%emt 0:00:02]} Rxe4 {
[%emt 0:00:06]} 55. fxe4 {[%emt 0:00:02]} e1=Q {[%emt 0:00:01]} 56. e5 { [%emt
0:00:01]} Qe2+ {[%emt 0:00:04]} 57. Kh1 {[%emt 0:00:02]} Qc1+ {[%emt 0:00:01]
TimeW} 0-1

[Event "DSJ Weihnachtsturnier U20 2020"]
[Site "https://play.chessbase.com/en/play?room=DSJWeihnachtU20"]
[Date "2020.12.29"]
[Round "6"]
[White "Kölle, Tobias"]
[Black "Nguyen, Alex Dac-Vuong"]
[Result "0-1"]
[Termination "normal"]
[Board "4.1"]
[WhiteTitle "FM"]
[BlackTitle "FM"]
[WhiteElo "2340"]
[BlackElo "2307"]
[WhiteTeam "TSV Schönaich"]
[BlackTeam "Schachgemeinschaft Leipzig"]
[PlyCount "120"]
[WhiteFideId "16207378"]
[BlackFideId "12984388"]
[EventRounds "7"]
[EventType "team-swiss"]
[EventDate "2020.12.29"]

1. d4 {[%emt 0:00:07]} Nf6 {[%emt 0:00:04]} 2. c4 {[%emt 0:00:02]} e6 {[%emt
0:00:01]} 3. Nc3 {[%emt 0:00:03]} Bb4 {[%emt 0:00:01]} 4. Nf3 {[%emt 0:00:05]}
O-O {[%emt 0:00:04]} 5. Qc2 {[%emt 0:00:03]} c5 {[%emt 0:00:02]} 6. dxc5 {
[%emt 0:00:02]} Na6 {[%emt 0:00:02]} 7. g3 {[%emt 0:00:01]} Nxc5 {[%emt
0:01:09]} 8. Bg2 {[%emt 0:00:02]} Nce4 {[%emt 0:00:19]} 9. O-O {[%emt 0:00:03]}
Nxc3 {[%emt 0:00:18]} 10. bxc3 {[%emt 0:00:00]} Be7 {[%emt 0:00:10]} 11. Rd1 {
[%emt 0:00:05]} Qc7 {[%emt 0:00:14]} 12. Bf4 {[%emt 0:00:19]} d6 {[%emt
0:00:38]} 13. Rab1 {[%emt 0:01:36]} h6 {[%emt 0:00:45]} 14. Qb3 {[%emt
0:00:57]} e5 {[%emt 0:00:20]} 15. Be3 {[%emt 0:00:04]} Ng4 {[%emt 0:00:21]} 16.
Bc1 { [%emt 0:00:09]} Bf5 {[%emt 0:00:39]} 17. Qxb7 {[%emt 0:00:17]} Qc5 {[%emt
0:00:07]} 18. e3 {[%emt 0:00:34]} Bxb1 {[%emt 0:00:10]} 19. Qxb1 {[%emt
0:00:00]} Qxc4 {[%emt 0:00:29]} 20. Nd2 {[%emt 0:00:40]} Qe2 {[%emt 0:00:03]}
21. Rf1 { [%emt 0:00:04]} Rab8 {[%emt 0:00:03]} 22. Qf5 {[%emt 0:00:33]} Nf6
{[%emt 0:00:03]} 23. Ne4 {[%emt 0:00:18]} Qxa2 {[%emt 0:00:31]} 24. Nxf6+
{[%emt 0:00:38]} Bxf6 {[%emt 0:00:00]} 25. Be4 {[%emt 0:00:01]} Rfd8 {[%emt
0:00:06]} 26. Bc2 { [%emt 0:01:32]} d5 {[%emt 0:00:26]} 27. Qh7+ {[%emt
0:00:33]} Kf8 {[%emt 0:00:06]} 28. Bb1 {[%emt 0:00:38]} Qa5 {[%emt 0:00:40]}
29. e4 {[%emt 0:00:06]} Rxb1 {[%emt 0:00:29]} 30. Ba3+ {[%emt 0:00:02]} Qxa3
{[%emt 0:00:01]} 31. Rxb1 { [%emt 0:00:00]} Qxc3 {[%emt 0:00:28]} 32. exd5
{[%emt 0:00:02]} Qd2 {[%emt 0:00:34]} 33. h4 {[%emt 0:00:09]} Qxd5 {[%emt
0:00:09]} 34. Rc1 {[%emt 0:00:07]} Qd3 {[%emt 0:00:23]} 35. Qxd3 {[%emt
0:00:42]} Rxd3 {[%emt 0:00:00]} 36. Rc7 { [%emt 0:00:01]} a5 {[%emt 0:00:05]}
37. Ra7 {[%emt 0:00:01]} Rd1+ {[%emt 0:00:01]} 38. Kg2 {[%emt 0:00:01]} Ra1
{[%emt 0:00:01]} 39. g4 {[%emt 0:00:01]} Bxh4 {[%emt 0:00:02]} 40. Kf3 {[%emt
0:00:01]} Ra4 {[%emt 0:00:02]} 41. Ke3 { [%emt 0:00:03]} g6 {[%emt 0:00:06]}
42. f3 {[%emt 0:00:05]} Be7 {[%emt 0:00:02] } 43. Kd3 {[%emt 0:00:01]} Ra3+
{[%emt 0:00:05]} 44. Ke4 {[%emt 0:00:02]} Bb4 { [%emt 0:00:06]} 45. Kxe5 {[%emt
0:00:03]} Rxf3 {[%emt 0:00:01]} 46. Ke4 { [%emt 0:00:05]} Rf1 {[%emt 0:00:02]}
47. Ke5 {[%emt 0:00:03]} Kg7 {[%emt 0:00:01]} 48. Ra8 {[%emt 0:00:02]} Ra1
{[%emt 0:00:03]} 49. Kf4 {[%emt 0:00:02]} a4 {[%emt 0:00:01]} 50. g5 {[%emt
0:00:01]} hxg5+ {[%emt 0:00:02]} 51. Kxg5 { [%emt 0:00:00]} a3 {[%emt 0:00:04]}
52. Ra4 {[%emt 0:00:07]} Be7+ {[%emt 0:00:03]} 53. Kg4 {[%emt 0:00:01]} a2
{[%emt 0:00:01]} 54. Kf3 {[%emt 0:00:08]} Rf1+ {[%emt 0:00:02]} 55. Kg2 {[%emt
0:00:01]} a1=Q {[%emt 0:00:01]} 56. Re4 { [%emt 0:00:06]} Rg1+ {[%emt 0:00:04]}
57. Kh2 {[%emt 0:00:03]} Rh1+ {[%emt 0:00:04]} 58. Kg3 {[%emt 0:00:01]} Bd6+
{[%emt 0:00:01]} 59. Kf3 {[%emt 0:00:03]} Qc3+ {[%emt 0:00:02]} 60. Ke2 {[%emt
0:00:01]} Rh2+ {[%emt 0:00:01] Schoenai001 gibt auf} 0-1

[Event "DSJ Weihnachtsturnier U20 2020"]
[Site "https://play.chessbase.com/en/play?room=DSJWeihnachtU20"]
[Date "2020.12.29"]
[Round "6"]
[White "Faßhauer, Jacob"]
[Black "Richter, Nils"]
[Result "0-1"]
[Termination "normal"]
[Board "4.2"]
[BlackTitle "FM"]
[WhiteElo "2127"]
[BlackElo "2294"]
[WhiteTeam "Schachgemeinschaft Leipzig"]
[BlackTeam "TSV Schönaich"]
[PlyCount "74"]
[WhiteFideId "12990167"]
[BlackFideId "12990809"]
[EventRounds "7"]
[EventType "team-swiss"]
[EventDate "2020.12.29"]

1. e4 {[%emt 0:00:05]} c5 {[%emt 0:00:01]} 2. c3 {[%emt 0:00:02]} Nf6 {[%emt
0:00:02]} 3. e5 {[%emt 0:00:01]} Nd5 {[%emt 0:00:01]} 4. d4 {[%emt 0:00:00]}
cxd4 {[%emt 0:00:01]} 5. cxd4 {[%emt 0:00:03]} d6 {[%emt 0:00:01]} 6. Nf3
{[%emt 0:00:02]} Nc6 {[%emt 0:00:02]} 7. Bc4 {[%emt 0:00:01]} Nb6 {[%emt
0:00:01]} 8. Bb5 {[%emt 0:00:04]} dxe5 {[%emt 0:00:07]} 9. Nxe5 {[%emt
0:00:09]} Bd7 { [%emt 0:00:01]} 10. Nxd7 {[%emt 0:00:03]} Qxd7 {[%emt 0:00:02]}
11. Nc3 { [%emt 0:00:03]} a6 {[%emt 0:00:11]} 12. Bxc6 {[%emt 0:00:04]} Qxc6
{[%emt 0:00:00]} 13. d5 {[%emt 0:00:09]} Qd6 {[%emt 0:00:24]} 14. O-O {[%emt
0:00:17]} g6 { [%emt 0:00:10]} 15. Qb3 {[%emt 0:00:21]} Bg7 {[%emt 0:00:12]}
16. Be3 {[%emt 0:00:23]} Nd7 {[%emt 0:00:14]} 17. Rad1 {[%emt 0:00:26]} O-O
{[%emt 0:00:05]} 18. Rfe1 {[%emt 0:00:15]} b5 {[%emt 0:00:21]} 19. Ne4 {[%emt
0:00:12]} Qe5 { [%emt 0:00:04]} 20. Bd4 {[%emt 0:00:16]} Qh5 {[%emt 0:00:30]}
21. Bxg7 { [%emt 0:00:27]} Kxg7 {[%emt 0:00:00]} 22. Ng3 {[%emt 0:00:59]} Qh4
{[%emt 0:00:15]} 23. Qc3+ {[%emt 0:00:29]} Kg8 {[%emt 0:00:31]} 24. Re4 {[%emt
0:00:14]} Qf6 {[%emt 0:00:18]} 25. Qb4 {[%emt 0:01:15]} Rfe8 {[%emt 0:00:16]}
26. Rde1 { [%emt 0:00:03]} Nb6 {[%emt 0:00:13]} 27. Rxe7 {[%emt 0:00:34]} Rxe7
{[%emt 0:00:04]} 28. Qxe7 {[%emt 0:00:01]} Qxe7 {[%emt 0:00:03]} 29. Rxe7
{[%emt 0:00:02]} Nxd5 {[%emt 0:00:02]} 30. Rb7 {[%emt 0:00:18]} Rc8 {[%emt
0:00:09]} 31. Rd7 {[%emt 0:01:18]} Rc1+ {[%emt 0:00:12]} 32. Nf1 {[%emt
0:00:01]} Nf4 { [%emt 0:00:05]} 33. g3 {[%emt 0:00:07]} Ne6 {[%emt 0:00:25]}
34. Rd2 {[%emt 0:00:11]} b4 {[%emt 0:00:15]} 35. Kg2 {[%emt 0:00:02]} Ra1
{[%emt 0:00:03]} 36. b3 {[%emt 0:00:07]} Nc5 {[%emt 0:00:07]} 37. Kf3 {[%emt
0:00:59]} Rxf1 { [%emt 0:00:08]} 0-1